<?xml version="1.0" encoding="UTF-8"?><?xml-stylesheet type="text/xsl" href="static/style.xsl"?><OAI-PMH xmlns="http://www.openarchives.org/OAI/2.0/" xmlns:xsi="http://www.w3.org/2001/XMLSchema-instance" xsi:schemaLocation="http://www.openarchives.org/OAI/2.0/ http://www.openarchives.org/OAI/2.0/OAI-PMH.xsd"><responseDate>2026-04-27T20:21:27Z</responseDate><request verb="GetRecord" identifier="oai:uvadoc.uva.es:10324/46103" metadataPrefix="marc">https://uvadoc.uva.es/oai/request</request><GetRecord><record><header><identifier>oai:uvadoc.uva.es:10324/46103</identifier><datestamp>2021-10-20T11:40:22Z</datestamp><setSpec>com_10324_38</setSpec><setSpec>col_10324_852</setSpec></header><metadata><record xmlns="http://www.loc.gov/MARC21/slim" xmlns:doc="http://www.lyncode.com/xoai" xmlns:xsi="http://www.w3.org/2001/XMLSchema-instance" xmlns:dcterms="http://purl.org/dc/terms/" xsi:schemaLocation="http://www.loc.gov/MARC21/slim http://www.loc.gov/standards/marcxml/schema/MARC21slim.xsd">
<leader>00925njm 22002777a 4500</leader>
<datafield tag="042" ind1=" " ind2=" ">
<subfield code="a">dc</subfield>
</datafield>
<datafield tag="720" ind1=" " ind2=" ">
<subfield code="a">Vaquero Sánchez, Santiago Manuel</subfield>
<subfield code="e">author</subfield>
</datafield>
<datafield tag="260" ind1=" " ind2=" ">
<subfield code="c">2020</subfield>
</datafield>
<datafield tag="520" ind1=" " ind2=" ">
<subfield code="a">La Unión Europea no nació con el fin de ser una agrupación de países con&#xd;
caminos dispares, sino que buscaba integrar a cada uno, tanto en aspectos&#xd;
sociales, como en aspectos políticos y económicos.&#xd;
A lo largo de las siguientes décadas desde su fundación, y fundamentado en la&#xd;
adhesión de nuevos países miembros, se fueron definiendo los dos objetivos&#xd;
prioritarios; la Unión Política y la Unión Económica y Monetaria.&#xd;
Desde hace varias décadas, la Unión Monetaria es un hecho, gracias a la cesión&#xd;
de las políticas monetarias de los estados miembros al BCE, y a la adopción del&#xd;
Euro como moneda europea común. Sin embargo, existen graves problemas en&#xd;
la armonización fiscal comunitaria, lo que resulta realmente inquietante para el&#xd;
futuro de la Unión, donde la disparidad en la imposición de cada uno de los&#xd;
Estados miembros está dificultando la consecución de los objetivos&#xd;
internacionales planteados.</subfield>
</datafield>
<datafield tag="520" ind1=" " ind2=" ">
<subfield code="a">The European Union was not born to be a group of countries with different paths,&#xd;
but it looked for integrate each one, as much in social aspects, as in political and&#xd;
economic aspects.&#xd;
During the following decades since its foundation and based on the adhesion of&#xd;
new countries´ members, the two primary objectives were defined; Political&#xd;
Unification and Economic and Monetary Union.&#xd;
For several decades, Monetary Union has been a fact, due to the cession of the&#xd;
monetary policies of the member states to the ECB, and the integration of the&#xd;
Euro as a common European currency. However, there are serious problems with&#xd;
community tax harmonisation, which is, in fact, alarming for the future of the&#xd;
European Union, where the disparity in taxation in each of the states members is&#xd;
causing difficulties in achieving the international objectives proposed</subfield>
</datafield>
<datafield tag="024" ind2=" " ind1="8">
<subfield code="a">http://uvadoc.uva.es/handle/10324/46103</subfield>
</datafield>
<datafield ind1=" " ind2=" " tag="653">
<subfield code="a">Política fiscal - Países de la Unión europea</subfield>
</datafield>
<datafield tag="245" ind1="0" ind2="0">
<subfield code="a">La problemática de la armonización fiscal en la Unión Europea</subfield>
</datafield>
</record></metadata></record></GetRecord></OAI-PMH>